[Event "Canadian Open"]
[Site "?"]
[Date "2016.07.13"]
[Round "4"]
[White "Glew, Richard"]
[Black "Humphreys, Stephen"]
[Result "1-0"]
[WhiteElo "1806"]
[BlackElo "1647"]
[PlyCount "97"]
[SourceDate "2016.07.13"]

1. e4 c6 2. d4 d5 3. exd5 cxd5 4. c4 Nf6 5. Nc3 Nc6 6. Nf3 Bg4 7. Be2 e6 8. c5
Be7 9. O-O Bxf3 10. Bxf3 O-O 11. Bf4 b6 12. cxb6 Qxb6 13. Re1 Qxd4 14. Qxd4
Nxd4 15. Bxd5 Nxd5 16. Nxd5 Bc5 17. Rac1 Bb6 18. Nxb6 axb6 19. a3 Rac8 20. Be3
e5 21. Bxd4 exd4 22. Kf1 f6 23. Ke2 Kf7 24. Rxc8 Rxc8 25. Kd3 f5 26. Re2 Rd8
27. f4 Kf6 28. g3 g5 29. fxg5+ Kxg5 30. Re6 b5 31. Re5 Rb8 32. Kxd4 Kf6 33. Rc5
Kg5 34. Kc3 b4+ 35. axb4 Re8 36. Rd5 Re2 37. Rd2 Re5 38. Kc4 Re4+ 39. Rd4 Re2
40. h4+ Kh5 41. Kc3 Re3+ 42. Rd3 Re4 43. Kb3 Kg4 44. Ka4 f4 45. gxf4 Rxf4 46.
Ka5 Kxh4 47. b5 h5 48. b6 Rf5+ 49. Ka6 1-0

[Event "Canadian Open"]
[Site "?"]
[Date "2016.07.11"]
[Round "2"]
[White "Finlay, Ian"]
[Black "Humphreys, Stephen"]
[Result "1/2-1/2"]
[WhiteElo "1872"]
[BlackElo "1647"]
[PlyCount "53"]
[SourceDate "2016.07.13"]

1. e4 c6 2. d3 d5 3. Nd2 e5 4. Ngf3 Bd6 5. g3 Nf6 6. Bg2 O-O 7. O-O Re8 8. Qe2
a5 9. a4 Qc7 10. Rd1 Na6 11. c3 Nc5 12. Nh4 b6 13. c4 Ba6 14. Nf5 Bf8 15. Ne3
dxe4 16. Nxe4 Nfxe4 17. Bxe4 Nxe4 18. dxe4 g6 19. b3 Rad8 20. Bb2 Bg7 21. Bc3
Rxd1+ 22. Rxd1 Rd8 23. Rxd8+ Qxd8 24. Qb2 f6 25. Qe2 Qd6 26. h4 Bc8 27. Qd2
1/2-1/2

[Event "Canadian Open"]
[Site "?"]
[Date "2016.07.10"]
[Round "1"]
[White "Deline, Ralph"]
[Black "Deimert, David"]
[Result "1-0"]
[WhiteElo "1835"]
[BlackElo "1650"]
[PlyCount "73"]
[SourceDate "2016.07.13"]

1. e4 c5 2. Ne2 Nc6 3. Nbc3 Nf6 4. g3 d5 5. exd5 Nxd5 6. Bg2 e6 7. d3 b6 8. Nf4
Nde7 9. Nh5 Bb7 10. Bf4 Nf5 11. Ne4 f6 12. O-O Kf7 13. Nhxf6 gxf6 14. Qh5+ Ke7
15. Nxf6 Bg7 16. Ne4 Kd7 17. g4 Nfd4 18. Bd6 Qe8 19. Qg5 Qf7 20. c3 Nb5 21. Bg3
Qg6 22. Rfe1 Rhf8 23. a4 Qxg5 24. Nxg5 Nxc3 25. Nxe6 Ne2+ 26. Rxe2 Rfe8 27.
Rae1 Bxb2 28. Nc7 Rxe2 29. Rxe2 Be5 30. Bxe5 Nxe5 31. Nxa8 Bxg2 32. Kxg2 Nxd3
33. Kf3 Kd6 34. Ke4 Nb4 35. f4 Nc6 36. f5 Ne5 37. Rd2+ 1-0

[Event "Canadian Open"]
[Site "?"]
[Date "2016.07.12"]
[Round "3"]
[White "White, Chris"]
[Black "Du, Daniel"]
[Result "1/2-1/2"]
[WhiteElo "1794"]
[BlackElo "1656"]
[PlyCount "92"]
[SourceDate "2016.07.13"]

1. d4 d5 2. e3 Nf6 3. c4 e6 4. Nc3 Be7 5. Bd3 O-O 6. Nf3 b6 7. cxd5 exd5 8. O-O
Be6 9. a3 Nbd7 10. b4 c6 11. Qc2 Rc8 12. Bb2 c5 13. Ba6 Rb8 14. Ne5 Nxe5 15.
dxe5 Nd7 16. Nb5 c4 17. Nxa7 Qc7 18. Nb5 Qc6 19. f4 Qa8 20. Nc7 Qa7 21. Nxe6
fxe6 22. Bb5 Rbc8 23. Rf3 Qc7 24. Bd4 Ra8 25. Rh3 g6 26. Rg3 Rf5 27. Rf3 Nf8
28. e4 dxe4 29. Qxe4 Rc8 30. Rc1 Qb8 31. Rxc4 Rxc4 32. Bxc4 b5 33. Ba2 Qc8 34.
Rc3 Qa6 35. Qc6 Qxc6 36. Rxc6 Rxf4 37. Bc5 Bxc5+ 38. Rxc5 Rd4 39. Kf1 Rd1+ 40.
Ke2 Rg1 41. Kf3 Ra1 42. Rc2 Re1 43. Kf4 Rf1+ 44. Kg5 Rf5+ 45. Kg4 h5+ 46. Kg3
Rxe5 1/2-1/2

[Event "Canadian Open"]
[Site "?"]
[Date "2016.07.11"]
[Round "2"]
[White "Green, Jim"]
[Black "Du, Daniel"]
[Result "1/2-1/2"]
[WhiteElo "1888"]
[BlackElo "1656"]
[PlyCount "66"]
[SourceDate "2016.07.13"]

1. e4 e6 2. b3 d5 3. exd5 exd5 4. Nf3 Nf6 5. Be2 Bf5 6. O-O Bd6 7. Bb2 Nbd7 8.
Re1 O-O 9. a4 c5 10. d3 Qc7 11. Nbd2 Rfe8 12. Nf1 b6 13. Nh4 Be6 14. Nf3 h6 15.
h3 Ne5 16. Nxe5 Bxe5 17. Bxe5 Qxe5 18. Bf3 Qc7 19. Ne3 Rad8 20. Qd2 c4 21. Rac1
c3 22. Qd1 Ne4 23. Bg4 Nd2 24. Nf1 Bxg4 25. Qxg4 Qd6 26. Qd4 Rxe1 27. Rxe1 Rc8
28. Ne3 Qg6 29. Qg4 Qxg4 30. Nxg4 Kf8 31. Nh2 h5 32. Rd1 Re8 33. Nf1 Nxf1
1/2-1/2

[Event "Canadian Open"]
[Site "?"]
[Date "2016.07.10"]
[Round "1"]
[White "Tanaka, Tyler"]
[Black "Clarke, Brian"]
[Result "1-0"]
[WhiteElo "1835"]
[BlackElo "1695"]
[PlyCount "49"]
[SourceDate "2016.07.13"]

1. e4 d6 2. d4 Nf6 3. Nc3 c6 4. Nf3 Bg4 5. Be2 Nbd7 6. Be3 Qa5 7. O-O e5 8. Nd2
Bxe2 9. Qxe2 Be7 10. f4 exd4 11. Bxd4 Qh5 12. Nf3 c5 13. Bf2 O-O 14. Rad1 Rfd8
15. e5 dxe5 16. fxe5 Ng4 17. e6 Nxf2 18. exf7+ Qxf7 19. Rxf2 Bf6 20. Ng5 Qe8
21. Qc4+ Kf8 22. Ne6+ Ke7 23. Nd5+ Kf7 24. Nxd8+ Qxd8 25. Nxf6+ 1-0

[Event "Canadian Open"]
[Site "?"]
[Date "2016.07.11"]
[Round "2"]
[White "Manion, Tom"]
[Black "James, Rowan"]
[Result "0-1"]
[WhiteElo "1810"]
[BlackElo "1706"]
[PlyCount "66"]
[SourceDate "2016.07.13"]

1. f4 e5 2. e4 d5 3. d4 exd4 4. Qxd4 dxe4 5. Qxe4+ Be7 6. Nf3 Nf6 7. Qa4+ Bd7
8. Bb5 O-O 9. Be3 Nd5 10. Bf2 Bb4+ 11. c3 Qe8+ 12. Kd2 Bxb5 13. Qd1 Bd6 14. g3
Nxf4 15. Re1 Ne6 16. Kc2 Qc6 17. Nbd2 Na6 18. a3 Nac5 19. Bxc5 Nxc5 20. Nd4 Qa6
21. Nxb5 Qxb5 22. Qf3 Qc6 23. Qxc6 bxc6 24. b4 Ne6 25. Nc4 Rfe8 26. Red1 Rad8
27. Na5 c5 28. Nb7 Rc8 29. Nxd6 cxd6 30. Rxd6 g6 31. Rd7 Rc7 32. Rad1 Rec8 33.
b5 Nd4+ 0-1

[Event "Canadian Open"]
[Site "?"]
[Date "2016.07.10"]
[Round "1"]
[White "Zhang, Zhehai"]
[Black "Cui, Cynthia"]
[Result "1-0"]
[WhiteElo "1837"]
[BlackElo "1714"]
[PlyCount "89"]
[SourceDate "2016.07.13"]

1. e4 d5 2. exd5 Qxd5 3. Nc3 Qd6 4. d4 Nf6 5. Nf3 Bg4 6. Be3 c6 7. h3 Bxf3 8.
Qxf3 Nbd7 9. Bc4 e6 10. O-O Qc7 11. a3 Bd6 12. Qe2 O-O 13. Rad1 Rfe8 14. f4 a6
15. Qf3 Nb6 16. Bd3 Nbd5 17. Nxd5 Nxd5 18. Bc1 c5 19. dxc5 Bxc5+ 20. Kh1 Nf6
21. b4 Bd4 22. Bxh7+ Nxh7 23. Rxd4 Qxc2 24. Qxb7 Qe2 25. Rfd1 a5 26. Qe4 Qxe4
27. Rxe4 Nf6 28. Red4 axb4 29. axb4 Nd5 30. Bd2 Ra4 31. Rb1 Rb8 32. f5 Nc7 33.
Rc4 Nd5 34. fxe6 fxe6 35. Rc6 Ra2 36. Be1 Rb7 37. Rxe6 Nf4 38. Re8+ Kh7 39. b5
Nxg2 40. Bg3 Ra5 41. b6 Ra6 42. Rb8 Rxb8 43. Bxb8 Nh4 44. b7 Nf5 45. Be5 1-0

[Event "Canadian Open"]
[Site "?"]
[Date "2016.07.11"]
[Round "2"]
[White "Cashin, Ken"]
[Black "Zhao, Zhong"]
[Result "1-0"]
[WhiteElo "1837"]
[BlackElo "1732"]
[PlyCount "125"]
[SourceDate "2016.07.13"]

1. e4 c6 2. d4 d5 3. exd5 cxd5 4. Bd3 Nf6 5. c3 Bg4 6. Qb3 Qd7 7. Bf4 Nc6 8.
Nd2 e6 9. Ngf3 Na5 10. Qc2 Bd6 11. Bg3 Bxf3 12. Nxf3 Bxg3 13. hxg3 Rc8 14. O-O
b5 15. Ne5 Qb7 16. a4 b4 17. Bb5+ Ke7 18. Qe2 Nc4 19. Bxc4 dxc4 20. Rae1 bxc3
21. bxc3 Qd5 22. g4 Nd7 23. f4 Nxe5 24. fxe5 Rb8 25. Qf2 Rhf8 26. Rb1 Rb3 27.
Rxb3 cxb3 28. Rb1 Rb8 29. Qh4+ Kf8 30. Qxh7 Rb7 31. Qh8+ Ke7 32. Qxg7 Qe4 33.
Rf1 Qg6 34. Qxg6 fxg6 35. Rb1 Kd7 36. Rb2 Kc6 37. Kf2 Kd5 38. Ke3 Kc4 39. Kd2
g5 40. Rb1 Rf7 41. d5 exd5 42. e6 Re7 43. Re1 Kc5 44. Kc1 Kd6 45. Kb2 a5 46.
Kxb3 Rb7+ 47. Kc2 Re7 48. Kd3 Rxe6 49. Rxe6+ Kxe6 50. Kd4 Kd6 51. g3 Kc6 52. c4
dxc4 53. Kxc4 Kb7 54. Kb5 Ka7 55. Kxa5 Kb7 56. Kb5 Ka7 57. Kc5 Ka6 58. Kd5 Ka5
59. Ke5 Kxa4 60. Kf5 Kb5 61. Kxg5 Kc6 62. Kf6 Kd7 63. Kf7 1-0

[Event "Canadian Open"]
[Site "?"]
[Date "2016.07.13"]
[Round "4"]
[White "Finlay, Ian"]
[Black "Zhou, Lily"]
[Result "1-0"]
[WhiteElo "1872"]
[BlackElo "1740"]
[PlyCount "165"]
[SourceDate "2016.07.13"]

1. g3 d5 2. Nf3 Nf6 3. b4 Bf5 4. Bb2 e6 5. a3 c6 6. Bg2 Nbd7 7. d3 a5 8. b5
cxb5 9. Nd4 Bg6 10. Nxb5 Qb6 11. a4 Bc5 12. O-O O-O 13. Nd2 Ng4 14. d4 Be7 15.
e4 Ngf6 16. e5 Ne4 17. Nxe4 Bxe4 18. c4 Bxg2 19. c5 Qc6 20. Kxg2 b6 21. Rc1
bxc5 22. Ba3 Rfc8 23. f4 Bf8 24. f5 exf5 25. Rxf5 Qe6 26. Qf1 cxd4 27. Nxd4 Qb6
28. Rxc8 Rxc8 29. Rxf7 Bxa3 30. Rxd7 Rf8 31. Nf5 Qb2+ 32. Kh3 Qxe5 33. g4 Qc3+
34. Kh4 Qb2 35. h3 Qf6+ 36. Kg3 Bd6+ 37. Kg2 Qb2+ 38. Qf2 Qxf2+ 39. Kxf2 Bb4
40. Rxg7+ Kh8 41. Rd7 d4 42. Ke2 h5 43. Rxd4 hxg4 44. hxg4 Kh7 45. Kf3 Kg6 46.
Kf4 Rf6 47. Rd7 Rf7 48. Rd5 Rf8 49. Rb5 Bd2+ 50. Kg3 Be1+ 51. Kf3 Kg5 52. Re5
Bc3 53. Re4 Rxf5+ 54. gxf5 Kxf5 55. Re8 Bb4 56. Ke2 Kf6 57. Kd3 Kf5 58. Kd4 Kf6
59. Re2 Kf5 60. Kc4 Kf6 61. Kd5 Bc3 62. Re4 Bd2 63. Re8 Bb4 64. Kc4 Kf5 65. Kb5
Kf6 66. Re4 Kf5 67. Re2 Kf6 68. Kb6 Kf5 69. Ka6 Kf6 70. Kb7 Kf5 71. Kc6 Kf6 72.
Kd7 Kf5 73. Kc6 Kf6 74. Kd5 Bc3 75. Re6+ Kf5 76. Rc6 Bb4 77. Rb6 Bd2 78. Rb2
Be3 79. Re2 Bb6 80. Re5+ Kf4 81. Rh5 Bf2 82. Kc6 Ke4 83. Rxa5 1-0

[Event "Canadian Open"]
[Site "?"]
[Date "2016.07.12"]
[Round "3"]
[White "Deline, Ralph"]
[Black "James, Rowan"]
[Result "1/2-1/2"]
[WhiteElo "1824"]
[BlackElo "1766"]
[PlyCount "205"]
[SourceDate "2016.07.13"]

1. e4 c5 2. Nf3 d6 3. d4 cxd4 4. Nxd4 Nf6 5. Nc3 a6 6. Bg5 e6 7. f4 Be7 8. Be2
Qc7 9. O-O O-O 10. Kh1 h6 11. Bh4 Nxe4 12. Nxe4 Bxh4 13. f5 d5 14. Nc3 Nc6 15.
Bg4 Nxd4 16. Qxd4 Bf6 17. Qd3 Bd7 18. fxe6 fxe6 19. Qh3 Bxc3 20. Bxe6+ Bxe6 21.
Qxe6+ Kh8 22. bxc3 Qxc3 23. Qxd5 Rf2 24. Rg1 Raf8 25. Rac1 b5 26. Qe6 Qd2 27.
h3 Rxg2 28. Rxg2 Qxc1+ 29. Kh2 Qf4+ 30. Kh1 Qc7 31. Qe2 Qd7 32. Kh2 Qd6+ 33.
Kh1 Qa3 34. Qe6 Qc1+ 35. Kh2 Qf4+ 36. Kh1 Rf6 37. Qe8+ Kh7 38. Qd7 Rf7 39. Qd3+
Kg8 40. Qd8+ Kh7 41. Qd3+ Qf5 42. Qc3 Qf1+ 43. Kh2 Qf4+ 44. Kh1 Rd7 45. Qa1 Qe3
46. Kh2 b4 47. Qf1 Qe5+ 48. Kh1 a5 49. Qf3 Re7 50. Qd3+ Qe4 51. Qb3 Rd7 52. Qg3
Re7 53. Qb3 Qe3 54. Kh2 Qf4+ 55. Qg3 Qxg3+ 56. Kxg3 Re3+ 57. Kg4 Ra3 58. c4 Rc3
59. Rd2 Rxc4+ 60. Kg3 Rc3+ 61. Kg4 Ra3 62. h4 a4 63. Rd4 b3 64. axb3 axb3 65.
Rb4 Kg6 66. h5+ Kf6 67. Kf4 Ra6 68. Rxb3 Ra4+ 69. Kg3 Re4 70. Ra3 Kf5 71. Ra5+
Re5 72. Ra7 Kf6 73. Ra6+ Re6 74. Ra3 Rb6 75. Kg4 Rb4+ 76. Kg3 Rb5 77. Kg4 Rg5+
78. Kh4 Rg1 79. Ra6+ Kf5 80. Ra5+ Kf4 81. Ra4+ Kf3 82. Ra3+ Kf4 83. Ra4+ Kf5
84. Ra5+ Kf6 85. Ra6+ Kf7 86. Ra7+ Kg8 87. Ra8+ Kh7 88. Ra7 Re1 89. Kg4 Re4+
90. Kg3 Kg8 91. Rb7 Kf8 92. Ra7 Re7 93. Ra3 Re5 94. Kg4 Kf7 95. Ra7+ Kf6 96.
Ra6+ Re6 97. Ra3 Re4+ 98. Kg3 Kf5 99. Ra5+ Re5 100. Ra7 Kf6 101. Ra6+ Kg5 102.
Rg6+ Kxh5 103. Rxg7 1/2-1/2

[Event "Canadian Open"]
[Site "?"]
[Date "2016.07.14"]
[Round "5"]
[White "Shah, Omaray M."]
[Black "James, Rowan"]
[Result "0-1"]
[WhiteElo "1927"]
[BlackElo "1766"]
[PlyCount "128"]
[SourceDate "2016.07.13"]

1. e4 e5 2. f4 d5 3. exd5 exf4 4. Nf3 Nf6 5. Bc4 Bd6 6. O-O O-O 7. d4 Nbd7 8.
Bb3 b5 9. a4 b4 10. c4 bxc3 11. bxc3 Bb7 12. c4 c5 13. dxc6 Bxc6 14. c5 Be7 15.
Nc3 Nh5 16. Bd5 Rc8 17. Re1 Bf6 18. Ra3 Qa5 19. Bd2 Bxd4+ 20. Nxd4 Qxc5 21. Kh1
Bxd5 22. Ncb5 a6 23. Rc3 Bc4 24. Nb3 Qd5 25. N5d4 Ndf6 26. Rf3 Rfe8 27. Rxe8+
Rxe8 28. Bb4 Bxb3 29. Rxb3 a5 30. Bc3 Ne4 31. Kg1 Nxc3 32. Rxc3 g6 33. Rd3 Qe4
34. Kf2 Nf6 35. h3 Nd5 36. Nf3 Ne3 37. Qd2 Qxa4 38. Rd4 Qc2 39. Qxc2 Nxc2 40.
Rxf4 Nb4 41. Rd4 Rc8 42. Ne5 Rc5 43. Nc4 Nc6 44. Re4 a4 45. Na3 Ra5 46. Ke3 Re5
47. Rxe5 Nxe5 48. Kd4 f6 49. Kc3 Kg7 50. Nc2 Kh6 51. Kb4 Kh5 52. Ne3 Kh4 53.
Nf1 Nd3+ 54. Kxa4 Ne1 55. Ne3 Kg3 56. Kb3 Nxg2 57. Ng4 f5 58. Nf6 f4 59. Ne4+
Kxh3 60. Ng5+ Kg3 61. Kc3 f3 62. Ne4+ Kf4 63. Nf2 Ke3 64. Ng4+ Ke2 0-1

[Event "Canadian Open"]
[Site "?"]
[Date "2016.07.10"]
[Round "1"]
[White "Doknjas, Neil"]
[Black "Coleman, John"]
[Result "1-0"]
[WhiteElo "1879"]
[BlackElo "1772"]
[PlyCount "131"]
[SourceDate "2016.07.13"]

1. e4 c6 2. d4 d5 3. exd5 cxd5 4. Bf4 Nc6 5. c3 Nf6 6. Bd3 Bg4 7. Qb3 Qd7 8.
Nd2 e6 9. Ngf3 Bxf3 10. Nxf3 a6 11. Ne5 Nxe5 12. Bxe5 Be7 13. O-O O-O 14. f4
Ng4 15. f5 Nxe5 16. dxe5 Qc6 17. f6 Bc5+ 18. Kh1 g6 19. Qc2 Be3 20. Qe2 d4 21.
cxd4 Bxd4 22. Qd2 Bxe5 23. Qh6 Bxf6 24. Rxf6 Qd5 25. Rf3 Qe5 26. Rh3 Qg7 27.
Qxg7+ Kxg7 28. Be4 Rab8 29. Rb3 b5 30. g3 Rfd8 31. Rd3 f5 32. Rxd8 Rxd8 33. Bb7
Rd6 34. b3 Kf6 35. a4 Rb6 36. Bg2 bxa4 37. bxa4 a5 38. Bf1 Ke5 39. Bb5 h6 40.
Rc1 Kd6 41. Rc8 e5 42. Ra8 Kc5 43. Rxa5 Kb4 44. Ra8 e4 45. Kg2 Rd6 46. Re8 Rd2+
47. Kh3 g5 48. g4 fxg4+ 49. Kg3 Rd4 50. Kxg4 Ka5 51. Kh5 Rd2 52. Kxh6 Rxh2+ 53.
Kxg5 e3 54. Rxe3 Rf2 55. Re6 Ra2 56. Kf6 Ra3 57. Ke7 Ra1 58. Kd7 Ra3 59. Kc7
Ra1 60. Kb7 Rg1 61. Ra6+ Kb4 62. Bc6 Rg7+ 63. Kb6 Rg8 64. Ra7 Rg5 65. a5 Re5
66. a6 1-0

[Event "Canadian Open"]
[Site "?"]
[Date "2016.07.11"]
[Round "2"]
[White "Su, Michael"]
[Black "Mathews, Jeremy"]
[Result "1/2-1/2"]
[WhiteElo "1881"]
[BlackElo "1777"]
[PlyCount "88"]
[SourceDate "2016.07.13"]

1. d4 Nf6 2. c4 Nc6 3. Nc3 e5 4. d5 Ne7 5. e4 Ng6 6. Be3 Bb4 7. f3 d6 8. Qd2
O-O 9. Nge2 Nd7 10. a3 Bc5 11. b4 Bxe3 12. Qxe3 a5 13. Rb1 Nb6 14. Nc1 Nf4 15.
Qd2 axb4 16. axb4 f5 17. g3 Ng6 18. c5 Na4 19. Ra1 Bd7 20. Nxa4 Bxa4 21. exf5
Rxf5 22. Rxa4 Rxa4 23. Qc2 Ra1 24. Qxf5 Rxc1+ 25. Kd2 Ra1 26. Qe6+ Kh8 27. Ke2
Qa8 28. Kf2 dxc5 29. bxc5 Qa2+ 30. Be2 Nf8 31. Rxa1 Qxa1 32. Qf7 Qd4+ 33. Kg2
Qxc5 34. Bc4 Qd6 35. Qe8 Kg8 36. Qb5 b6 37. Qb3 Nd7 38. Qa4 Kf7 39. Bb5 Ke7 40.
Bc6 Nb8 41. Qh4+ Qf6 42. Qxh7 Nxc6 43. dxc6 Kd6 44. Qe4 Kc5 1/2-1/2

[Event "Canadian Open"]
[Site "?"]
[Date "2016.07.13"]
[Round "4"]
[White "Thanabalachandran, Kajan"]
[Black "Koltai, Daniel"]
[Result "0-1"]
[WhiteElo "1846"]
[BlackElo "1781"]
[PlyCount "64"]
[SourceDate "2016.07.13"]

1. e4 c5 2. Nf3 d6 3. d4 cxd4 4. Nxd4 Nf6 5. Nc3 g6 6. Be3 Bg7 7. f3 O-O 8. Qd2
Nc6 9. O-O-O d5 10. exd5 Nxd5 11. Nxc6 bxc6 12. Bd4 e5 13. Bc5 Be6 14. Ne4 Re8
15. h4 h6 16. g4 Qc7 17. h5 g5 18. Nxg5 hxg5 19. Qxg5 Qd8 20. Qd2 Nf4 21. Qc3
Qg5 22. Be3 Rab8 23. b3 e4 24. Qd2 Rbd8 25. Bxf4 Qf6 26. c3 Rxd2 27. Bxd2 e3
28. Be1 Qxf3 29. Rg1 e2 30. Bxe2 Qxe2 31. g5 Qxa2 32. h6 Qa3+ 0-1

[Event "Canadian Open"]
[Site "?"]
[Date "2016.07.14"]
[Round "5"]
[White "Zhang, Zhehai"]
[Black "White, Chris"]
[Result "1-0"]
[WhiteElo "1837"]
[BlackElo "1794"]
[PlyCount "95"]
[SourceDate "2016.07.13"]

1. e4 e6 2. d4 d5 3. Nc3 dxe4 4. Nxe4 Nd7 5. Nf3 Ngf6 6. Nxf6+ Nxf6 7. Bd3 c5
8. dxc5 Bxc5 9. O-O O-O 10. Bg5 Re8 11. Qd2 Be7 12. Rfe1 h6 13. Bf4 Bf8 14.
Rad1 Qd5 15. Qc3 Qc5 16. Qb3 a6 17. Be3 Qb4 18. Qxb4 Bxb4 19. c3 Bf8 20. Bd4
Be7 21. Ne5 Nd5 22. Bc4 Rd8 23. Bb3 Bf6 24. c4 Nf4 25. g3 Nh3+ 26. Kg2 Ng5 27.
f4 Nh7 28. Bb6 Re8 29. Ba4 Rf8 30. b3 Be7 31. Bd7 Nf6 32. c5 Nd5 33. Bxc8 Raxc8
34. Nd7 Rfe8 35. Rc1 Nb4 36. Red1 Nd5 37. Kf3 Rc6 38. a3 Rcc8 39. b4 Bd8 40.
Bxd8 Rexd8 41. Ne5 Kf8 42. Rc2 f6 43. Nc4 g5 44. f5 Kf7 45. fxe6+ Ke7 46. Rcd2
b5 47. Nd6 g4+ 48. Kf2 1-0

[Event "Canadian Open"]
[Site "?"]
[Date "2016.07.14"]
[Round "5"]
[White "Su, Michael"]
[Black "Glew, Richard"]
[Result "1-0"]
[WhiteElo "1881"]
[BlackElo "1806"]
[PlyCount "99"]
[SourceDate "2016.07.13"]

1. d4 Nf6 2. c4 g6 3. Nf3 Bg7 4. Nc3 d5 5. e3 Bg4 6. Qb3 Bxf3 7. gxf3 dxc4 8.
Bxc4 O-O 9. Qxb7 Nbd7 10. Qc6 Nb6 11. Bd2 Nxc4 12. Qxc4 Rb8 13. b3 Qd7 14. Rc1
Rfd8 15. Na4 Nd5 16. Nc5 Qh3 17. f4 Qf3 18. Rg1 Nb6 19. Qe2 Qh3 20. Qf1 Qh5 21.
Qg2 Qf5 22. Qe4 Qxe4 23. Nxe4 Nd5 24. Nc5 Rb6 25. Ke2 f6 26. Ba5 Rc6 27. Nb7
Rxc1 28. Rxc1 Rb8 29. Nc5 e5 30. fxe5 fxe5 31. Ne6 Bf6 32. Rc5 Re8 33. dxe5
Bxe5 34. Nxc7 Nxc7 35. Bxc7 Rc8 36. Bd6 Rxc5 37. Bxc5 Bxh2 38. Bxa7 Bd6 39. f4
Kf7 40. Kf3 Ke6 41. e4 Be7 42. Bf2 h5 43. Be1 Ba3 44. Bh4 Bb4 45. Ke3 Bc3 46.
Kd3 Bb4 47. Kd4 Bd2 48. Bg5 h4 49. f5+ gxf5 50. Bxd2 1-0

[Event "Canadian Open"]
[Site "?"]
[Date "2016.07.14"]
[Round "5"]
[White "Du, Daniel"]
[Black "Piccinin, Mario"]
[Result "1/2-1/2"]
[WhiteElo "1656"]
[BlackElo "1809"]
[PlyCount "95"]
[SourceDate "2016.07.13"]

1. e4 Nc6 2. d4 d5 3. exd5 Qxd5 4. Nf3 e5 5. dxe5 Qxd1+ 6. Kxd1 Bg4 7. Be2
O-O-O+ 8. Bd2 Bxf3 9. Bxf3 Nxe5 10. Be4 Nf6 11. Bf5+ Kb8 12. Re1 Nc4 13. b3
Nxd2 14. Nxd2 Bb4 15. Bd3 Ng4 16. Re2 Rhe8 17. h3 Rxe2 18. Kxe2 Nxf2 19. Kxf2
Bxd2 20. Rd1 Bb4 21. Be2 Rxd1 22. Bxd1 b5 23. Be2 c6 24. Bd3 h6 25. c4 Bc5+ 26.
Kf3 b4 27. Kf4 Kc7 28. Ke5 Bd6+ 29. Kd4 Bg3 30. Be4 g6 31. Bf3 f6 32. Ke3 Kd6
33. Kd3 c5 34. Ke3 Ke5 35. Bc6 h5 36. Be8 Kf5 37. Bd7+ Kg5 38. Kf3 h4 39. Be6
f5 40. Bd7 Kf6 41. Be8 Ke5 42. Bd7 Kd4 43. Be8 Kc3 44. Bxg6 Kb2 45. Be8 Kxa2
46. Ba4 Kb2 47. Ke3 Be5 48. Kf3 1/2-1/2

[Event "Canadian Open"]
[Site "?"]
[Date "2016.07.11"]
[Round "2"]
[White "Zhou, Annika"]
[Black "Tanaka, Tyler"]
[Result "0-1"]
[WhiteElo "1586"]
[BlackElo "1824"]
[PlyCount "156"]
[SourceDate "2016.07.13"]

1. e4 c5 2. Nf3 Nc6 3. d4 cxd4 4. Nxd4 g6 5. Be3 Bg7 6. Nc3 Nf6 7. f3 O-O 8.
Qd2 d5 9. O-O-O dxe4 10. Nxc6 Qxd2+ 11. Rxd2 bxc6 12. Nxe4 Nd5 13. Bc5 Bh6 14.
c4 f5 15. Nf2 Nb6 16. Bxe7 Rf7 17. Bb4 Ba6 18. b3 Rd7 19. Kc2 Bxd2 20. Bxd2
Rad8 21. Be3 Re8 22. Bd2 Rde7 23. Bd3 Nd7 24. f4 Nf6 25. h3 Ne4 26. Bxe4 fxe4
27. Be3 h5 28. h4 Bc8 29. Rd1 Bf5 30. Rd6 Re6 31. Rd7 R8e7 32. Rd1 Rb7 33. Rd8+
Kf7 34. Rd1 Ree7 35. g3 Bg4 36. Rd2 Rbd7 37. Kc3 Bf5 38. a3 Re8 39. Rxd7+ Bxd7
40. b4 Bf5 41. Kd4 Ke6 42. Kc3 Kd7 43. Nd1 Kc7 44. Kb3 Ra8 45. a4 Kb7 46. Nb2
a5 47. b5 cxb5 48. axb5 Bg4 49. Ka4 Be2 50. c5 Kc7 51. b6+ Kc6 52. Ka3 a4 53.
Bf2 Bb5 54. Be3 Rd8 55. Kb4 Ra8 56. Ka3 Be2 57. Bf2 Bd3 58. Be3 Ra5 59. Bd4 Ba6
60. Be3 Rxc5 61. Bxc5 Kxc5 62. Kxa4 Kxb6 63. Nd1 Kc5 64. Kb3 Kd4 65. Kc2 e3 66.
Nb2 Ke4 67. Kd1 Kf3 68. Ke1 Kxg3 69. Nd1 e2 70. Ne3 Kxf4 71. Ng2+ Kg3 72. Ne3
Kxh4 73. Kf2 g5 74. Ng2+ Kh3 75. Ne3 g4 76. Nf5 h4 77. Ne3 g3+ 78. Ke1 g2 0-1

[Event "Canadian Open"]
[Site "?"]
[Date "2016.07.13"]
[Round "4"]
[White "Faraji, Jafar"]
[Black "Deline, Ralph"]
[Result "1-0"]
[WhiteElo "1827"]
[BlackElo "1824"]
[PlyCount "115"]
[SourceDate "2016.07.13"]

1. d4 Nf6 2. Nf3 e6 3. g3 b6 4. Bg2 Bb7 5. O-O c5 6. c3 d5 7. Bf4 Be7 8. Nbd2
O-O 9. Ne5 Nbd7 10. Ndf3 a6 11. a4 Rc8 12. Qb3 c4 13. Qc2 Ne4 14. Nxd7 Qxd7 15.
Ne5 Qd8 16. f3 Nd6 17. e4 f6 18. Ng4 Nf7 19. Rae1 h5 20. Nf2 e5 21. Be3 exd4
22. cxd4 Qd7 23. Bh3 Qc6 24. Bxc8 Rxc8 25. Rc1 b5 26. axb5 axb5 27. Rfd1 b4 28.
exd5 Qxd5 29. Qe4 Qd7 30. d5 Nd6 31. Qg6 Nf5 32. Bf4 Bc5 33. Qxh5 Bd4 34. Rc2
Qxd5 35. Rcd2 Rd8 36. Re1 Bc6 37. Be3 Nxe3 38. Qxd5+ Nxd5 39. Rxd4 c3 40. bxc3
bxc3 41. Rc4 Bb5 42. Rc5 Ba4 43. Re4 Bb3 44. Rd4 c2 45. Nd3 Ra8 46. Kf2 Ra1 47.
Rb5 Ba2 48. Rb2 Rd1 49. Rxc2 Bb1 50. Rc8+ Kh7 51. Rxd5 Rxd3 52. Rxd3 Bxd3 53.
h4 Ba6 54. Rc7 Bd3 55. g4 Kh6 56. Kg3 g6 57. f4 Be4 58. g5+ 1-0

[Event "Canadian Open"]
[Site "?"]
[Date "2016.07.11"]
[Round "2"]
[White "Shah, Omaray M."]
[Black "Deline, Ralph"]
[Result "1/2-1/2"]
[WhiteElo "1927"]
[BlackElo "1824"]
[PlyCount "114"]
[SourceDate "2016.07.13"]

1. e4 c5 2. Nf3 e6 3. d4 cxd4 4. Nxd4 a6 5. Nc3 b5 6. a3 Bb7 7. Be2 d6 8. O-O
Be7 9. f4 Qc7 10. Bf3 Nd7 11. Qe1 Ngf6 12. Kh1 O-O 13. g4 e5 14. Nf5 Nc5 15. g5
Ne8 16. Rg1 Ne6 17. Nxe7+ Qxe7 18. f5 Nd4 19. Qf2 Rc8 20. Be3 Rc4 21. Bg2 Qc7
22. Rad1 b4 23. axb4 Rxb4 24. Rb1 d5 25. Bxd4 Rxd4 26. Nxd5 Bxd5 27. exd5 Rf4
28. Qe2 Rxf5 29. Be4 Rf4 30. Bd3 Qd6 31. c4 Nc7 32. Rbe1 Re8 33. Be4 a5 34.
Rgf1 Rxf1+ 35. Rxf1 Na6 36. Bxh7+ Kf8 37. Qh5 Re7 38. Bg6 Ke8 39. Qh8+ Kd7 40.
Bxf7 Nc5 41. Bh5 Kc7 42. Qa8 Kb6 43. Rf7 Rxf7 44. Bxf7 e4 45. Qe8 a4 46. Bg6
Nd3 47. Qb5+ Kc7 48. Qa5+ Kb8 49. Qb5+ Kc7 50. Be8 e3 51. Qa5+ Kb8 52. Bc6 Nc5
53. Qa8+ Kc7 54. Qa5+ Kb8 55. Qa8+ Kc7 56. Qa7+ Kd8 57. Qa8+ Kc7 1/2-1/2

[Event "Canadian Open"]
[Site "?"]
[Date "2016.07.10"]
[Round "1"]
[White "Du, Daniel"]
[Black "Faraji, Jafar"]
[Result "1-0"]
[WhiteElo "1656"]
[BlackElo "1827"]
[PlyCount "119"]
[SourceDate "2016.07.13"]

1. e4 c6 2. d4 d5 3. exd5 cxd5 4. Bd3 Nc6 5. c3 Nf6 6. Nf3 g6 7. Bf4 Bg7 8. Qc2
O-O 9. Nbd2 Nh5 10. Bg3 f6 11. O-O Nxg3 12. fxg3 e5 13. dxe5 fxe5 14. Be2 Bf5
15. Qb3 Qb6+ 16. Kh1 Qxb3 17. Nxb3 d4 18. cxd4 exd4 19. Bc4+ Kh8 20. Rad1 Rac8
21. Bb5 Bc2 22. Rd2 Bxb3 23. axb3 a6 24. Bxc6 bxc6 25. Rfd1 Rcd8 26. h3 c5 27.
b4 Rxf3 28. gxf3 c4 29. Rc2 Rc8 30. Rdc1 c3 31. bxc3 d3 32. Rd2 Rxc3 33. Rxc3
Bxc3 34. Rxd3 Bxb4 35. Rd8+ Kg7 36. Rd7+ Kh6 37. g4 g5 38. Ra7 a5 39. Kg2 Kg6
40. Kf1 Kf6 41. Ke2 Ke5 42. Rxh7 a4 43. Ra7 a3 44. Kd3 Bd6 45. Ra4 Bf8 46. Kc3
Bd6 47. Kd3 Bf8 48. Ke2 Bc5 49. Kf1 Bd6 50. Kg2 Kd5 51. h4 gxh4 52. Kh3 Be7 53.
f4 Ke6 54. g5 Kf5 55. Kxh4 Bd6 56. Ra5+ Kxf4 57. g6 Bf8 58. Rxa3 Ke5 59. Rf3
Bh6 60. Kh5 1-0

[Event "Canadian Open"]
[Site "?"]
[Date "2016.07.12"]
[Round "?"]
[White "Zhou, Zhong"]
[Black "Faraji, Jafar"]
[Result "1-0"]
[WhiteElo "1732"]
[BlackElo "1827"]
[PlyCount "103"]
[SourceDate "2016.07.13"]

1. d4 Nf6 2. Bg5 d5 3. Bxf6 gxf6 4. e3 c6 5. c4 e6 6. Nf3 Bd6 7. Nbd2 Nd7 8.
Qc2 f5 9. g3 Rg8 10. Be2 Nf6 11. c5 Bc7 12. O-O-O Qe7 13. Kb1 a5 14. Rc1 a4 15.
a3 h6 16. h3 Ne4 17. Nxe4 fxe4 18. Ne1 Qf6 19. Bg4 Qg5 20. Qe2 e5 21. Bxc8 Rxc8
22. Nc2 Rg6 23. Rhf1 f5 24. f4 exf3 25. Qxf3 Rf6 26. h4 Qg6 27. h5 Qg5 28. g4
e4 29. Qe2 Ke7 30. Rxf5 Rxf5 31. gxf5 Rf8 32. Rf1 Rxf5 33. Rxf5 Qxf5 34. Kc1
Qf3 35. Kd1 Qh1+ 36. Kd2 Qh2 37. Nb4 Qxe2+ 38. Kxe2 Kf6 39. Na2 Ba5 40. Kf2 Kg5
41. Nc1 Kxh5 42. Ne2 Kg4 43. Nf4 h5 44. Ng6 Bc7 45. Nh8 Kf5 46. Nf7 Kf6 47. Nd6
Bxd6 48. cxd6 Ke6 49. Kg3 Kxd6 50. Kh4 c5 51. dxc5+ Kxc5 52. Kxh5 1-0